| 000 | 00000nas##2200000za#4500 |
| 001 | 9.509508 |
| 003 | CaOODSP |
| 005 | 20260106135326 |
| 007 | ta |
| 008 | 150406c1994||||xxc|| m #||||f| |0eng|d |
| 040 | |aCaOODSP|beng |
| 041 | |aeng |
| 041 | |afre |
| 043 | |an-cn--- |
| 086 | 1 |aM91-7 |
| 110 | 2 |aCANMET Energy Technology Centre (Canada) |
| 245 | 10|a[Technology report] |
| 260 | |aOttawa - Ontario : |bNatural Resources Canada. |
| 310 | |aIrregular |
| 775 | 08|t[Rapport technologique] |w(CaOODSP)9.513136 |
| 775 | 08|t[Technology report] |w(CaOODSP)9.514782 |
| 776 | 0#|t[Rapport technologique] |w(CaOODSP)9.501499 |
| 776 | 0#|t[Technology report] |w(CaOODSP)9.504720 |
| 792 | |t[Rapport technologique] |efre|w(CaOODSP)9.509509 |